000 00504nam a22001697a 4500
005 20251108171855.0
008 250721s1987 xx 000 0 ara d
082 1 4 _a811.9611/قاس
100 1 _aالشابي، أبو القاسم
245 1 0 _aأغاني للحياة :
_bديوان أبي القاسم الشابي /
264 1 _aسوسة :
_bدار المعارف،
_c1987.
300 _a227ص
650 1 7 _aالشعر الحديث
650 1 7 _aتونس
942 _2ddc
_cBK
999 _c64826
_d64826